| 000 | 00456nam a2200181Ia 4500 | ||
|---|---|---|---|
| 001 | 8753 | ||
| 005 | 20260306160633.0 | ||
| 008 | 260306t1997||||xx |||||||||||||| ||spa|| | ||
| 041 | _aESP | ||
| 082 |
_a371.30282 _bC26 |
||
| 100 |
_aCarrasco, José Bernardo _eAUT |
||
| 245 | 0 | _aTécnicas y recursos para el desarrollo de las clases | |
| 260 | _c1997 | ||
| 300 |
_a258 páginas : _c21 cm. |
||
| 650 | _aGEN | ||
| 654 | _aCED | ||
| 942 |
_cLIB _dJUS _fJUS _2ddc _n |
||
| 999 |
_c8753 _d8753 |
||